| 000 | 01150nam a2200325 i 4500 | ||
|---|---|---|---|
| 001 | 1650 | ||
| 003 | KOSZ 005 | ||
| 005 | 20200630132816.0 | ||
| 008 | 040519s1976 pl a |001 0 pol | ||
| 015 | _aPB 1976/4726 | ||
| 035 | _a(OCoLC)749675105 | ||
| 040 |
_aWAN _cWAN _dKOSZ 005/EG |
||
| 041 | 0 | _apol | |
| 046 | _k1976 | ||
| 080 | _a51 | ||
| 080 | _a(075.8) | ||
| 245 | 1 | 0 |
_aMatematyka dla wydziałów budowlanych i mechanicznych. _nT. 2 / _coprac. Aleksander Hać, T. Kornatowski, E. Otto, A.Płucińska, W. Stankiewicz, B. Wieprzkowicz, J. Wojtowicz ; pod red. Edwarda Otto. |
| 250 | _aWyd. 2. | ||
| 260 |
_aWarszawa : _bPańst. Wydaw. Naukowe, _c1976. |
||
| 300 |
_a400, s. : _bil. ; _c25 cm. |
||
| 380 | _aKsiążki. | ||
| 504 | _aIndeks. | ||
| 650 | 4 |
_aMatematyka _xszkoły wyższe. |
|
| 655 | 4 | _aPodręczniki akademickie | |
| 700 | 1 |
_aHać, Aleksander _eOpracowanie |
|
| 700 | 1 |
_aOtto, Edward _d(1908-1986) _eRedakcja |
|
| 710 | 2 |
_aPaństwowe Wydawnictwo Naukowe _4pbl. |
|
| 856 |
_uhttp://koha.tu.koszalin.pl/cgi-bin/koha/opac-detail.pl?biblionumber=1650 _yKatalog online BPK |
||
| 942 |
_2UKD _cKS |
||
| 999 |
_c1650 _d1650 |
||